| 000 | 00440nam a2200157Ia 4500 | ||
|---|---|---|---|
| 008 | 151213s9999 xx 000 0 und d | ||
| 100 | _aE.Thomas German & Raymond E.Forgve | ||
| 245 |
_aPersonal Finance( C - 2 ) _cE.Thomas German & Raymond E.Forgve |
||
| 250 | _a5th | ||
| 260 |
_aBoston _bHoughto Mifflin |
||
| 300 | _a1513 p. | ||
| 650 | _aFinance | ||
| 650 | _aFinance | ||
| 700 | _aE.Thomas German & Raymond E.Forgve | ||
| 999 |
_c1174 _d1174 |
||